[Event "6th EICC"]
[Site "Warsaw POL"]
[Date "2005.06.20"]
[Round "3"]
[White "Riazantsev,A"]
[Black "Loeffler,S"]
[Result "1-0"]
[WhiteElo "2608"]
[BlackElo "2429"]
[EventDate "2005.06.18"]

1. d4 d5 2. c4 e6 3. Nf3 dxc4 4. e3 b5 5. a4 c6 6. axb5 cxb5 7. b3 Bb4+ 8.
Bd2 Bxd2+ 9. Nbxd2 a5 10. bxc4 b4 11. Ne5 Nf6 12. Be2 O-O 13. Bf3 Ra7 14.
O-O Qc7 15. Qa4 Bd7 16. Nxd7 Nbxd7 17. Nb3 e5 18. Qc6 exd4 19. exd4 Qf4 20.
c5 Re8 21. Nxa5 Nf8 22. Qb6 Rd7 23. Nb3 Nd5 24. Qb5 Red8 25. Rfe1 Ne6 26.
Qc4 h6 27. Re4 Qf6 28. Rae1 Nc3 29. Rxe6 fxe6 30. Rxe6 Qf7 31. Bh5 Qxh5 32.
Re8+ Kh7 33. Qg8+ Kg6 34. Re6+ Kf5 35. Re5+ Kf4 36. g3+ Kf3 37. Nd2+ 1-0

[Event "6th EICC"]
[Site "Warsaw POL"]
[Date "2005.06.20"]
[Round "3"]
[White "Kritz,L"]
[Black "Cheparinov,I"]
[Result "1/2-1/2"]
[WhiteElo "2549"]
[BlackElo "2621"]
[EventDate "2005.06.18"]

1. Nf3 c5 2. c4 g6 3. d4 Bg7 4. e4 d6 5. Nc3 Qa5 6. Be3 Nf6 7. Qd2 Ng4 8.
Nd5 Qxd2+ 9. Bxd2 Na6 10. h3 Nf6 11. Nxf6+ Bxf6 12. e5 dxe5 13. dxe5 Bg7
14. Bd3 Be6 15. b3 O-O-O 16. Ke2 f6 17. Rad1 g5 18. Bc3 Nb4 19. Bxb4 cxb4
20. Be4 Kb8 21. Rxd8+ Rxd8 22. Rd1 Rxd1 23. Kxd1 Bg8 24. Bd5 e6 25. exf6
Bxf6 26. Be4 b6 27. Ke2 Kc7 28. Ne1 Kd6 29. Nd3 a5 30. Kf3 h5 31. Bg6 Bc3
32. Ke2 a4 33. Bxh5 e5 34. Bf3 Bh7 35. Bd5 axb3 36. axb3 Bxd3+ 37. Kxd3 Bd4
38. f3 Ke7 39. Ke4 Kf6 40. Bb7 Bf2 41. Bc8 Bc5 42. Kd5 Bf2 43. Kc6 Ke7 44.
g3 Kf6 45. h4 gxh4 46. gxh4 Be3 47. Bd7 Kg7 48. Kd5 Bf4 49. Ke4 1/2-1/2

[Event "6th EICC"]
[Site "Warsaw POL"]
[Date "2005.06.20"]
[Round "3"]
[White "Krasenkow,M"]
[Black "Kotronias,V"]
[Result "1-0"]
[WhiteElo "2672"]
[BlackElo "2578"]
[EventDate "2005.06.18"]

1. d4 Nf6 2. c4 g6 3. Nc3 Bg7 4. e4 d6 5. Nf3 O-O 6. Be2 e5 7. d5 a5 8. h3
Na6 9. Bg5 Nc5 10. Nd2 h6 11. Be3 Nh7 12. h4 h5 13. a3 Bd7 14. b4 axb4 15.
axb4 Rxa1 16. Qxa1 Na6 17. Qa3 f5 18. f3 Bf6 19. Bf2 Be7 20. c5 Nb8 21. Qa7
Qc8 22. O-O g5 23. exf5 gxh4 24. Nce4 Bxf5 25. cxd6 cxd6 26. Nc4 Bxe4 27.
fxe4 Ng5 28. Bxh4 Rxf1+ 29. Bxf1 Qf8 30. Bxg5 Bxg5 31. Qxb7 Bh4 32. Qb6 Nd7
33. Qe3 Nf6 34. Qf3 Qg7 35. Nxd6 Qa7+ 36. Kh1 Ng4 37. g3 Bf6 38. Qf5 Qe3
1-0

[Event "6th EICC"]
[Site "Warsaw POL"]
[Date "2005.06.20"]
[Round "3"]
[White "Karjakin,Sergey"]
[Black "Anastasian,A"]
[Result "1-0"]
[WhiteElo "2635"]
[BlackElo "2574"]
[EventDate "2005.06.18"]

1. e4 e6 2. d4 d5 3. Nc3 dxe4 4. Nxe4 Bd7 5. Nf3 Bc6 6. Bd3 Nd7 7. O-O Be7
8. Qe2 Ngf6 9. Ng3 O-O 10. Ne5 Nxe5 11. dxe5 Nd7 12. Kh1 Qe8 13. c3 Rd8 14.
f4 f5 15. exf6 Nxf6 16. Qxe6+ Kh8 17. Bc4 b5 18. Bb3 Bc5 19. f5 Rd3 20.
Qxe8 Rxe8 21. Bg5 Ng4 22. f6 gxf6 23. Rxf6 Rd6 24. Rxd6 Bxd6 25. Rf1 h6 26.
Bd1 hxg5 27. Bxg4 Bd5 28. Nf5 Bf4 29. a3 Bc4 30. Rd1 Bb3 31. Ra1 Rd8 32. g3
Rd2 33. Bf3 g4 34. Bc6 Be5 35. Re1 Bf6 36. Ne3 Rxb2 37. Nxg4 Bxc3 38. Re8+
Kg7 39. Re7+ Kf8 40. Rxc7 a5 41. Ne3 Be5 42. Rc8+ Ke7 43. Re8+ Kd6 44. Bxb5
Rb1+ 45. Kg2 Re1 46. Kf2 Rc1 47. Nf5+ Kd5 48. Rd8+ Ke6 49. Nd4+ Bxd4+ 50.
Rxd4 Rc2+ 51. Kg1 Ke5 52. Rh4 Ra2 53. a4 Bd5 54. Bc4 Ra1+ 55. Kf2 Be4 56.
Bb3 Ra3 57. Bd1 Bc6 58. Rh5+ Kd4 59. Rxa5 Ra2+ 60. Be2 Rxa4 61. Rxa4+ Bxa4
62. Kf3 Ke5 63. Kg4 Kf6 64. Kf4 Bd7 65. Bg4 Bb5 66. Bf5 Kg7 67. g4 Be2 68.
g5 Bh5 69. h4 Be8 70. Bg4 Bf7 71. h5 Be8 72. h6+ Kh8 73. Ke5 Bf7 74. Kf6
Be8 75. Be6 Bg6 76. Bf7 Be4 77. Be8 1-0

[Event "6th EICC"]
[Site "Warsaw POL"]
[Date "2005.06.20"]
[Round "3"]
[White "Inarkiev,E"]
[Black "Gritsak,O"]
[Result "1/2-1/2"]
[WhiteElo "2612"]
[BlackElo "2537"]
[EventDate "2005.06.18"]

1. e4 c5 2. Nf3 e6 3. Nc3 a6 4. d4 cxd4 5. Nxd4 Qc7 6. Bd3 Nf6 7. f4 b5 8.
Qe2 Bb7 9. Bd2 b4 10. Nd1 Nc6 11. Nb3 a5 12. Be3 a4 13. Nd2 d5 14. e5 Nd7
15. O-O Bc5 16. Nf3 Qb6 1/2-1/2

[Event "6th EICC"]
[Site "Warsaw POL"]
[Date "2005.06.20"]
[Round "3"]
[White "Georgiev,Ki"]
[Black "Markowski,T"]
[Result "1/2-1/2"]
[WhiteElo "2666"]
[BlackElo "2560"]
[EventDate "2005.06.18"]

1. c4 c5 2. Nf3 Nf6 3. Nc3 e6 4. g3 b6 5. Bg2 Bb7 6. O-O Be7 7. d4 cxd4 8.
Qxd4 Nc6 9. Qf4 O-O 10. Rd1 d6 11. b3 Qb8 12. Bb2 Rd8 13. Rd2 a6 14. Qe3
Qc7 15. Rad1 Rac8 16. h3 Ba8 17. Ng5 h6 18. Nxe6 fxe6 19. Qxe6+ Kf8 20. Bd5
Ne5 21. f4 Nxd5 22. Nxd5 Qd7 23. Qxe7+ Qxe7 24. Nxe7 Kxe7 25. fxe5 dxe5 26.
Bxe5 Rxd2 27. Rxd2 Ke6 28. Bf4 g5 29. Be3 b5 30. c5 Bd5 31. b4 Ra8 32. a3
a5 33. bxa5 Rxa5 34. Rd3 Ra4 35. Bd2 Rc4 36. Bb4 h5 37. Kf2 g4 38. h4 Ke5
39. Bc3+ Ke6 40. Bb4 Ke5 41. Rd2 Ke4 42. Rd1 Rc2 43. Ke1 Ke5 44. Rd3 Ke4
45. Kd1 Rc4 46. Rd2 Rd4 47. Bc3 Rc4 48. Bb4 Rd4 49. Ba5 Rc4 50. Ke1 Rxc5
51. Kf2 Rc6 52. Bb4 Rf6+ 53. Ke1 Rc6 54. Rb2 Rc1+ 55. Kf2 Ra1 56. Rc2 Bc4
57. Rc3 Kd4 58. Rc2 Ke4 59. Rd2 Ra2 60. Rxa2 1/2-1/2

[Event "6th EICC"]
[Site "Warsaw POL"]
[Date "2005.06.20"]
[Round "3"]
[White "Kopczynski,M"]
[Black "Khairullin,I"]
[Result "1/2-1/2"]
[WhiteElo "2150"]
[BlackElo "2517"]
[EventDate "2005.06.18"]

1. e4 c5 2. Nf3 Nc6 3. d4 cxd4 4. Nxd4 Nf6 5. Nc3 e5 6. Ndb5 d6 7. Bg5 a6
8. Na3 b5 9. Nd5 Be7 10. Bxf6 Bxf6 11. c3 O-O 12. Nc2 Rb8 13. h4 Be7 14.
Nce3 Be6 15. Bd3 g6 16. h5 Bg5 17. Qf3 Kg7 18. Qg3 h6 19. f4 exf4 20. Nxf4
Ne5 21. Bc2 Bxf4 22. Qxf4 g5 23. Qf2 b4 24. O-O bxc3 25. bxc3 Rc8 26. Nf5+
Bxf5 27. exf5 Qf6 28. Qd2 Rc4 29. Rad1 Rd8 30. Bb3 Rh4 31. c4 g4 32. Qf4
Rc8 33. c5 Rxc5 34. Rxd6 Qxd6 35. f6+ Kh7 36. Bxf7 Nxf7 37. Qe4+ Kg8 38.
Qg6+ Kf8 39. Qg7+ Ke8 40. Re1+ Re5 41. Qg8+ Qf8 42. Rxe5+ Nxe5 43. Qe6+ Kd8
44. Qxe5 Kd7 45. Qf5+ Kd6 46. f7 Ke7 47. Qc5+ Kxf7 48. Qf2+ Kg7 49. Qxh4
Qc5+ 50. Kh2 Qe5+ 51. Kh1 g3 52. Qg4+ Kf8 53. Qc8+ Ke7 54. Qb7+ Kd8 55.
Qa8+ Kd7 56. Qb7+ Qc7 57. Qd5+ Ke7 58. Qe4+ Kd8 59. Qa8+ Ke7 60. Qe4+
1/2-1/2

[Event "6th EICC"]
[Site "Warsaw POL"]
[Date "2005.06.20"]
[Round "3"]
[White "Haznedaroglu,K"]
[Black "Navara,D"]
[Result "0-1"]
[WhiteElo "2440"]
[BlackElo "2647"]
[EventDate "2005.06.18"]

1. e4 c5 2. Nf3 e6 3. d4 cxd4 4. Nxd4 Nf6 5. Nc3 d6 6. g4 h6 7. h3 Nc6 8.
Be3 a6 9. Bg2 Ne5 10. Qe2 g5 11. O-O-O Bd7 12. f4 gxf4 13. Bxf4 Rc8 14.
Rhf1 b5 15. Nf3 Nc4 16. e5 Qa5 17. exf6 Qb4 18. Rd3 Qxb2+ 19. Kd1 Qa1+ 20.
Bc1 Nb2+ 21. Kd2 Nc4+ 22. Kd1 d5 23. Nd4 Nb2+ 24. Kd2 Nc4+ 25. Ke1 Qxc1+
26. Kf2 Qf4+ 27. Kg1 Qe5 28. Qf2 Nb2 29. Rd2 Rxc3 30. Nxe6 Bxe6 31. Re1 Qg3
32. Rxe6+ fxe6 33. f7+ Kd7 0-1

[Event "6th EICC"]
[Site "Warsaw POL"]
[Date "2005.06.20"]
[Round "3"]
[White "Magalashvili,D"]
[Black "Gurevich,M"]
[Result "0-1"]
[WhiteElo "2445"]
[BlackElo "2630"]
[EventDate "2005.06.18"]

1. d4 d5 2. c4 c6 3. cxd5 cxd5 4. Nc3 Nf6 5. Bf4 Nc6 6. e3 a6 7. Rc1 Bf5 8.
Bd3 Bxd3 9. Qxd3 e6 10. Nf3 Be7 11. h3 O-O 12. O-O Qa5 13. a3 Rfc8 14. Rc2
Qd8 15. Rfc1 Na5 16. Nd2 Nc4 17. Nxc4 dxc4 18. Qe2 b5 19. Rd1 Nd5 20. Be5
Ra7 21. Qg4 g6 22. Qf3 Nxc3 23. Rxc3 Rd7 24. Rdc1 Bd6 25. Bxd6 Rxd6 26. a4
Rdc6 27. axb5 axb5 28. b3 R6c7 29. bxc4 Rxc4 30. Rxc4 bxc4 31. Qb7 c3 32.
Qb3 Qc7 33. Qc2 Qc4 34. g3 Kg7 35. Kg2 Kf8 36. Kg1 Kg8 37. Kg2 e5 38. dxe5
Qd5+ 39. e4 Qxe5 40. Qd3 Rc5 41. Rc2 Kg7 42. Re2 Rc8 43. Rc2 Qc5 44. Kf1
Qb4 45. Kg2 Rc4 46. Qf3 Qc5 47. Qd3 Qc6 48. Qf3 Qc7 49. Qd3 Qc5 50. Qf3 Qd4
51. Qe2 Kf6 52. Qf3+ Ke6 53. Kh1 f6 54. Qe2 Kd6 55. Qf3 Kc5 56. Qf4 Ra4 57.
Qc7+ Kb4 58. Qb7+ Kc4 59. Qc6+ Kb3 60. Re2 Qc4 61. Qb6+ Rb4 62. Qe3 Qd4 63.
Qf3 Rb6 64. e5 fxe5 65. Qf7+ Qc4 66. Qf3 e4 67. Rxe4 Rf6 68. Qd1+ c2 69.
Re3+ Kb2 70. Qd2 Qc5 71. Re2 Rf3 72. Kg2 Rf6 73. Kg1 Rd6 74. Qf4 Rd4 75.
Qb8+ Rb4 76. Qd8 Qd4 77. Qa5 Kb1 78. Kg2 Rb2 0-1

[Event "6th EICC"]
[Site "Warsaw POL"]
[Date "2005.06.20"]
[Round "3"]
[White "Luch,M"]
[Black "Pavasovic,D"]
[Result "1/2-1/2"]
[WhiteElo "2417"]
[BlackElo "2593"]
[EventDate "2005.06.18"]

1. d4 d5 2. c4 e6 3. Nf3 Nf6 4. e3 a6 5. Nc3 c5 6. dxc5 Bxc5 7. cxd5 exd5
8. Be2 Nc6 9. O-O O-O 10. a3 Be6 11. Nd4 Bxd4 12. exd4 Ne4 13. Na4 b5 14.
Nc5 Nxc5 15. dxc5 Qf6 16. Bd3 Rfe8 17. Qc2 h6 18. Bd2 d4 19. Be4 Bb3 20.
Qb1 Rad8 21. Re1 Ne5 22. Ba5 d3 23. Bxd3 Nxd3 24. Rxe8+ 1/2-1/2

[Event "6th EICC"]
[Site "Warsaw POL"]
[Date "2005.06.20"]
[Round "3"]
[White "Bakalarz,M"]
[Black "Sulskis,S"]
[Result "0-1"]
[WhiteElo "2408"]
[BlackElo "2545"]
[EventDate "2005.06.18"]

1. d4 Nf6 2. Nf3 e6 3. Bg5 h6 4. Bh4 d6 5. Nc3 g5 6. Bg3 Nh5 7. e4 Bg7 8.
Bd3 a6 9. d5 exd5 10. exd5 O-O 11. O-O f5 12. Nd2 g4 13. f4 Nxg3 14. hxg3
Bd4+ 15. Rf2 Nd7 16. Nb3 Bxf2+ 17. Kxf2 Qf6 18. Qe2 Nb6 19. a4 Bd7 20. a5
Rae8 21. Qd2 Nc8 22. Bc4 b5 23. axb6 Nxb6 24. Bxa6 Ra8 25. Qd3 Ra7 26. Rh1
Na4 27. Nd1 Nxb2 28. Nxb2 Qxb2 29. Rxh6 Rxa6 30. Qxa6 Qxc2+ 31. Qe2 Qxb3
32. Rg6+ Kf7 33. Rh6 Qb6+ 34. Ke1 Qg1+ 35. Kd2 Qd4+ 0-1

[Event "6th EICC"]
[Site "Warsaw POL"]
[Date "2005.06.20"]
[Round "3"]
[White "Jaracz,P"]
[Black "Erdogdu,M"]
[Result "1-0"]
[WhiteElo "2530"]
[BlackElo "2414"]
[EventDate "2005.06.18"]

1. d4 Nf6 2. c4 g6 3. g3 Bg7 4. Bg2 O-O 5. Nc3 d6 6. Nf3 Nc6 7. O-O a6 8.
h3 Rb8 9. e4 Nd7 10. Bg5 Na5 11. b3 c5 12. Qd2 b5 13. cxb5 axb5 14. Nd5 Nc6
15. Rac1 Re8 16. dxc5 dxc5 17. Rfd1 Nd4 18. Nxd4 cxd4 19. Nc7 Rf8 20. Qb4
f6 21. Ne6 Qb6 22. Qxe7 Rf7 23. Qe8+ Nf8 24. Rxc8 Rxc8 25. Qxc8 Qxe6 26.
Qxe6 Nxe6 27. Bd2 Ra7 28. Bf1 Nc7 29. Bf4 Ne6 30. Bxb5 Nxf4 31. gxf4 Rxa2
32. Bc4+ Kf8 33. Rxd4 Ke7 34. Kg2 Rc2 35. Rd3 h6 36. h4 g5 37. Rg3 Rd2 38.
hxg5 hxg5 39. fxg5 fxg5 40. Rxg5 Bd4 41. Rf5 Rb2 42. e5 1-0

[Event "6th EICC"]
[Site "Warsaw POL"]
[Date "2005.06.20"]
[Round "3"]
[White "Gouliev,N"]
[Black "Maier,C"]
[Result "1/2-1/2"]
[WhiteElo "2526"]
[BlackElo "2387"]
[EventDate "2005.06.18"]

1. e4 e6 2. d4 d5 3. Nc3 Be7 4. Nf3 Nf6 5. Bd3 h6 6. e5 Nfd7 7. Ne2 c5 8.
c3 Nc6 9. O-O cxd4 10. cxd4 Nb6 11. a3 Bd7 12. Ng3 h5 13. Be3 a6 14. Nd2 g6
15. f4 Na7 16. a4 Nc6 17. a5 Nc8 18. Qb1 Rg8 19. Nb3 Nb4 20. Be2 Na7 21.
Nxh5 Bb5 22. Ng3 Rh8 23. Bd2 Bc4 24. Nc1 Rc8 25. Ra4 Nac6 26. Bc3 Bb5 27.
Bxb5 axb5 28. Ra1 Nxa5 29. Nd3 Nbc6 30. Qa2 b6 31. b4 Nc4 32. Qe2 Kd7 33.
Ra2 Kc7 34. Nh1 Kb7 35. Nhf2 Qd7 36. Rfa1 Ra8 37. Rxa8 Rxa8 38. Rxa8 Kxa8
39. Qa2+ Kb7 40. Ng4 Qd8 41. g3 Qh8 42. Kg2 Qh5 43. h3 Bf8 44. Qe2 Ne7 45.
Ne1 g5 46. Qf3 gxf4 47. Qxf4 Nf5 48. Nf3 Qg6 49. Qg5 Qh7 50. h4 Be7 51. Qf4
Qh5 52. Kh3 Qg6 53. Nfh2 Kc7 54. Nf6 Nfe3 55. Be1 Qc2 56. Bf2 Nd1 57. Nhg4
Qe2 58. h5 Nd2 59. h6 Nf3 60. Kg2 Ne1+ 61. Kg1 Nf3+ 62. Kg2 Ne1+ 63. Kg1
Nf3+ 64. Kg2 1/2-1/2

[Event "6th EICC"]
[Site "Warsaw POL"]
[Date "2005.06.20"]
[Round "3"]
[White "Olszewski,Mi"]
[Black "Dizdar,G"]
[Result "0-1"]
[WhiteElo "2387"]
[BlackElo "2524"]
[EventDate "2005.06.18"]

1. e4 e6 2. d4 d5 3. Nc3 Bb4 4. Nge2 dxe4 5. a3 Bxc3+ 6. Nxc3 Nc6 7. d5
exd5 8. Qxd5 Nge7 9. Qxd8+ Nxd8 10. Nxe4 Bf5 11. Bd3 Ne6 12. Be3 O-O-O 13.
O-O-O Bg6 14. Ng5 Nxg5 15. Bxg5 f6 16. Bxg6 hxg6 17. Bd2 g5 18. Rhe1 Ng6
19. Re4 Rh4 20. Rxh4 Nxh4 21. Rg1 g4 22. Bc3 Rh8 23. b3 a6 24. a4 Rh5 25.
Be1 Kd7 26. Kd2 Ke6 27. c4 c6 28. f3 gxf3 29. g4 Rh8 30. Ke3 Ng6 31. Bg3
Ne5 32. Re1 Nxg4+ 33. Kxf3+ Ne5+ 34. Ke4 Rh5 35. Kd4 Kd6 36. c5+ Ke6 37.
Re4 Rg5 38. Bf4 Rg4 39. Bg3 Rxe4+ 40. Kxe4 Nd7 41. Bf2 g5 42. Kd4 Ne5 43.
Bg3 Ng6 44. Kc4 f5 45. b4 f4 46. Bf2 Ne5+ 47. Kc3 Ng4 48. Bd4 Nxh2 0-1

[Event "6th EICC"]
[Site "Warsaw POL"]
[Date "2005.06.20"]
[Round "3"]
[White "Bagheri,A"]
[Black "Mazi,L"]
[Result "0-1"]
[WhiteElo "2518"]
[BlackElo "2365"]
[EventDate "2005.06.18"]

1. d4 Nf6 2. Nf3 e6 3. Bg5 b6 4. Nbd2 Bb7 5. e3 d6 6. Bd3 Nbd7 7. O-O h6 8.
Bh4 g5 9. Bg3 Nh5 10. e4 Bg7 11. c3 O-O 12. Qe2 Nxg3 13. hxg3 c5 14. Ba6
Qc8 15. Bxb7 Qxb7 16. Rad1 cxd4 17. Nxd4 d5 18. Rfe1 Nc5 19. e5 Qa6 20.
Qxa6 Nxa6 21. f4 Nc5 22. Re3 Rfe8 23. Rde1 Rac8 24. R1e2 a6 25. Kf1 b5 26.
fxg5 hxg5 27. N4b3 Na4 28. Nf3 Nb6 29. Nbd2 Nc4 30. Nxc4 Rxc4 31. b3 Rc7
32. Rc2 Rec8 33. a3 Bf8 34. b4 Be7 35. Ke2 Rc4 36. Nd2 R4c7 37. Nb3 Kg7 38.
Nd4 Rc4 39. Kd1 Bd8 40. Rd3 Bb6 41. Nf3 Kg6 42. Kc1 Re4 43. g4 Rxg4 44. Re2
Re4 45. Kd1 Rh8 46. Ne1 Rh1 47. Rf3 Bc7 48. Rfe3 Bxe5 49. Kc2 f5 50. Nd3
Bf4 51. Rxe4 fxe4 52. Nc5 Kf5 53. Nxa6 Bd6 54. Rf2+ Ke5 55. Re2 Rh7 56. a4
bxa4 57. c4 d4 58. Re1 d3+ 59. Kc3 Kf4 60. b5 Be5+ 0-1

[Event "6th EICC"]
[Site "Warsaw POL"]
[Date "2005.06.20"]
[Round "3"]
[White "Smeets,J"]
[Black "Asauskas,H"]
[Result "1/2-1/2"]
[WhiteElo "2518"]
[BlackElo "2357"]
[EventDate "2005.06.18"]

1. e4 c5 2. Nf3 d6 3. d4 cxd4 4. Nxd4 Nf6 5. Nc3 g6 6. Be3 Bg7 7. f3 O-O 8.
Qd2 Nc6 9. O-O-O d5 10. exd5 Nxd5 11. Nxc6 bxc6 12. Bd4 Nxc3 13. Qxc3 Bh6+
14. Be3 Bxe3+ 15. Qxe3 Qb6 16. Qxe7 Be6 17. Qa3 Rad8 18. Bd3 Rd5 19. Qc3
Rc5 20. Qf6 Bxa2 21. h4 Ra5 22. Rhe1 Be6 23. b3 Rd5 24. g4 Qd8 25. Qxd8
Rfxd8 26. Kb2 Rd4 27. Kc3 Rf4 28. Be2 Bd5 29. Rd3 Re8 30. Kd2 h5 31. Ra1
hxg4 32. fxg4 Re7 33. Re3 Be6 34. Kc3 Rd7 35. h5 Bxg4 36. hxg6 Bxe2 37.
gxf7+ Kxf7 38. Rxe2 Rf5 39. Kc4 a5 40. Rh1 Rdd5 41. Kc3 Rc5+ 42. Kb2 Rce5
43. Rh7+ Ke6 44. Reh2 Kd6 45. Ra7 Rh5 46. Rd2+ Rd5 47. Rxd5+ Rxd5 48. Ka3
Rh5 49. c4 Rh1 50. Rxa5 Kc7 51. c5 Kb7 52. Ra4 Rc1 53. Kb4 Rh1 54. Ra2 Rh4+
55. Ka5 Rh3 56. Ka4 Rh4+ 57. b4 Rh1 58. Rd2 Rh7 59. Ka5 Rg7 60. Rd6 Rh7 61.
Rg6 Rf7 62. b5 cxb5 63. Kxb5 Rf1 64. Rg7+ Kb8 65. Kb6 Rb1+ 66. Kc6 Rc1 67.
Rg8+ Ka7 68. Rd8 Rc2 69. Kd6 Kb7 70. Rd7+ Kc8 71. Rh7 Rc1 72. Rh2 Kb7 73.
Rb2+ Kc8 74. Rg2 Kb7 75. Rg7+ Kc8 76. Kc6 Kb8 77. Rh7 Kc8 78. Rg7 Kb8 79.
Rf7 Rc3 80. Rf2 Rc1 81. Rd2 Rc3 82. Rd8+ Ka7 83. Rd5 Kb8 84. Rd8+ Ka7 85.
Rd2 Kb8 86. Rd5 Rc1 87. Rh5 Rc2 88. Rh1 Rc3 89. Rh8+ Ka7 90. Rc8 Rh3 91.
Rd8 Rc3 92. Rd5 Kb8 93. Kd6 Kb7 1/2-1/2

[Event "6th EICC"]
[Site "Warsaw POL"]
[Date "2005.06.20"]
[Round "3"]
[White "Sergeev,Vl"]
[Black "Khismatullin,D"]
[Result "0-1"]
[WhiteElo "2458"]
[BlackElo "2572"]
[EventDate "2005.06.18"]

1. Nf3 c5 2. b3 Nc6 3. Bb2 d6 4. d4 cxd4 5. Nxd4 e5 6. Nf3 Nf6 7. e3 Be6 8.
Be2 Qc7 9. O-O d5 10. Ng5 Bf5 11. c4 Rd8 12. cxd5 Nxd5 13. Qc1 Be7 14. Nf3
Bf6 15. Nc3 O-O 16. Rd1 Nxc3 17. Bxc3 Rxd1+ 18. Bxd1 e4 19. Bxf6 exf3 20.
Bb2 fxg2 21. Qc3 f6 22. Qc4+ Kh8 23. Bf3 Rd8 24. Bxg2 Qd7 25. Qh4 Qe6 26.
e4 Bg6 27. Qf4 Qe7 28. Re1 Ne5 29. Bxe5 fxe5 30. Qe3 b6 31. f4 exf4 32.
Qxf4 Qc5+ 33. Kh1 Qb4 34. Qg3 Re8 35. e5 Bf5 36. h3 Be6 37. Re4 Qe7 38. Re1
Qd7 39. Qf3 Qe7 40. Qh5 Bf7 41. Qg4 Qc7 42. Qd4 Bg8 43. Qe3 h6 44. Qg3 Qc2
45. Re3 Qxa2 46. Rc3 Qe2 47. Re3 Qb5 48. Kg1 a5 49. Kh1 Qc5 50. Qe1 Re6 51.
h4 Re7 52. e6 Qf5 53. Bh3 Qf6 54. Kg2 Bh7 55. Qf2 Kg8 56. Kg1 Qa1+ 57. Kh2
Bg6 58. Rg3 Be4 59. Rg1 Qe5+ 60. Rg3 Rc7 61. Kg1 Rc1+ 62. Bf1 Qxe6 63. Qb2
Rc7 64. Qd4 Bd5 65. Re3 Qg6+ 66. Kh2 Rc2+ 67. Be2 Qg2+ 0-1

[Event "6th EICC"]
[Site "Warsaw POL"]
[Date "2005.06.20"]
[Round "3"]
[White "Rutkowski,M"]
[Black "Ibrahimov,R"]
[Result "1/2-1/2"]
[WhiteElo "2346"]
[BlackElo "2511"]
[EventDate "2005.06.18"]

1. e4 c5 2. Nf3 d6 3. d4 cxd4 4. Nxd4 Nf6 5. Nc3 a6 6. Be2 e5 7. Nb3 Be7 8.
Bg5 Nbd7 9. a4 b6 10. Bc4 O-O 11. O-O Bb7 12. Qe2 Qc7 13. Rfd1 Rfc8 14. Nd2
h6 15. Bxf6 Nxf6 16. Bb3 Bc6 17. Nc4 b5 18. axb5 axb5 19. Rxa8 Rxa8 20. Ne3
Rb8 21. Ncd5 Nxd5 22. Nxd5 Qd8 23. Ra1 Bf8 24. Qf3 Ra8 25. Rxa8 Qxa8 26. g3
Qa7 27. Qg4 Qb7 28. Qf3 Be8 29. Qc3 Bc6 30. Qa5 Qa8 31. Qc7 Qb7 32. Qd8 Qd7
33. Qxd7 Bxd7 34. Nb4 Bg4 35. Kg2 Be7 36. f3 Be6 37. Bxe6 fxe6 38. Nc6 Kf7
39. Na7 b4 40. Nc6 b3 41. c3 Bg5 42. Nb4 Ke8 43. Kf2 h5 44. h4 Bh6 45. Nd3
g5 46. hxg5 Bxg5 47. f4 exf4 48. gxf4 Bh6 49. Kg3 Kf7 50. Nc1 e5 51. Nxb3
Bxf4+ 52. Kf3 Ke6 53. c4 Kd7 54. Na1 Kc6 55. b4 Bd2 56. Nc2 Kb6 57. Kg3 Bg5
58. Ne1 Bd2 59. Nd3 Bg5 60. Kf3 Bd2 61. Ke2 Bg5 62. Nf2 Be7 63. Nd1 Bg5 64.
Ne3 Kc6 65. Kf3 Bf4 66. Ke2 h4 67. Nd5 h3 68. Kf2 Bh2 69. Ne7+ Kd7 70. Nd5
Kc6 71. Ne7+ Kd7 72. Nd5 1/2-1/2

[Event "6th EICC"]
[Site "Warsaw POL"]
[Date "2005.06.20"]
[Round "3"]
[White "Kadziolka,B"]
[Black "Reinderman,D"]
[Result "1/2-1/2"]
[WhiteElo "2311"]
[BlackElo "2509"]
[EventDate "2005.06.18"]

1. d4 f5 2. c4 Nf6 3. g3 g6 4. Bg2 Bg7 5. Nc3 O-O 6. Nh3 d6 7. d5 c6 8. Nf4
Ng4 9. Qc2 Ne5 10. b3 a5 11. O-O Na6 12. Bb2 Nc5 13. Rad1 Qe8 14. Nh3 Bd7
15. f4 Ng4 16. Bc1 cxd5 17. Bxd5+ Kh8 18. Nf2 Nxf2 19. Rxf2 Rc8 20. Qd2 Bc6
21. Bb2 Bxd5 22. Nxd5 Ne4 23. Bxg7+ Kxg7 24. Qb2+ Kf7 25. Rf3 b5 26. Nc3
Nxc3 27. Rxc3 bxc4 28. Rxc4 Rxc4 29. bxc4 Qa8 30. Qd4 Rc8 31. Qd5+ Qxd5 32.
Rxd5 a4 33. Rd4 Rc6 34. Kf2 e5 35. fxe5 dxe5 36. Rd7+ Ke6 37. Rxh7 Rxc4 38.
Ra7 g5 39. Ra5 g4 40. Kf1 Kf6 41. Kf2 Re4 42. Ra8 Rc4 1/2-1/2

[Event "6th EICC"]
[Site "Warsaw POL"]
[Date "2005.06.20"]
[Round "3"]
[White "Nalbandian,T"]
[Black "Lanzani,M"]
[Result "1/2-1/2"]
[WhiteElo "2508"]
[BlackElo "2356"]
[EventDate "2005.06.18"]

1. c4 e6 2. Nf3 d5 3. g3 Nf6 4. Bg2 Be7 5. O-O O-O 6. d4 c6 7. Qc2 Nbd7 8.
Nbd2 b6 9. e4 Ba6 10. Re1 Rc8 11. e5 Ne8 12. cxd5 cxd5 13. Qb1 Qc7 14. Nf1
Qc2 15. Qxc2 Rxc2 16. Ne3 Rc8 17. Bd2 g6 18. g4 Bd3 19. Rec1 Ng7 20. Ne1
Ba6 21. N1c2 f6 22. Bb4 Kf7 23. exf6 Nxf6 24. Bxe7 Kxe7 25. Nb4 Bb7 26. Nd3
Rxc1+ 27. Rxc1 Rc8 28. Rxc8 Bxc8 29. Ne5 Bb7 30. f4 Nd7 31. Nxd7 Kxd7 32.
Bf1 Ke7 33. Bd3 Ne8 34. Kf2 Nd6 35. h4 Kf7 36. g5 Bc6 37. b3 Bb5 38. Bc2
Kg7 39. Ng4 a5 40. Kg3 Be2 41. Ne5 Nb5 42. Nc6 Na3 43. Kf2 Nxc2 44. Kxe2
Nb4 45. Nxb4 1/2-1/2

[Event "6th EICC"]
[Site "Warsaw POL"]
[Date "2005.06.20"]
[Round "3"]
[White "Mista,A"]
[Black "Citak,S"]
[Result "1-0"]
[WhiteElo "2497"]
[BlackElo "2351"]
[EventDate "2005.06.18"]

1. e4 e5 2. Nf3 Nc6 3. Bb5 a6 4. Ba4 Nf6 5. O-O Bc5 6. c3 b5 7. Bb3 Nxe4 8.
d4 exd4 9. cxd4 Be7 10. d5 Na5 11. Bc2 Nf6 12. Bg5 Nc4 13. Re1 O-O 14. Qd3
Nxb2 15. Qd4 h6 16. Qh4 hxg5 17. Nxg5 Re8 18. Nd2 g6 19. Nde4 Kg7 20. Nxf7
Kxf7 21. Nxf6 Rh8 22. Qg4 Rh6 23. Qf4 g5 24. Qxg5 Rxf6 25. Qh5+ Kf8 26.
Qh8+ Kf7 27. Qh7+ Kf8 28. Bg6 Rxg6 29. Qxg6 Qe8 30. Qh6+ Kf7 31. Qh7+ Kf6
32. Re3 d6 33. Rae1 Bf5 34. Re6+ Bxe6 35. Rxe6+ Kg5 36. h4+ Kg4 37. Re4+
1-0

[Event "6th EICC"]
[Site "Warsaw POL"]
[Date "2005.06.20"]
[Round "3"]
[White "Andreikin,D"]
[Black "Skurski,J"]
[Result "1-0"]
[WhiteElo "2495"]
[BlackElo "2299"]
[EventDate "2005.06.18"]

1. d4 Nf6 2. c4 g6 3. Nc3 Bg7 4. e4 d6 5. f3 e5 6. d5 O-O 7. Be3 Nh5 8. Qd2
f5 9. O-O-O Nd7 10. Nge2 Ndf6 11. h3 f4 12. Bf2 b6 13. Rg1 Bh6 14. Kb1 Kg7
15. Nc1 Bd7 16. Bd3 a6 17. a3 Ng3 18. b4 a5 19. Nb3 axb4 20. axb4 Qe7 21.
Kb2 Ng8 22. c5 bxc5 23. bxc5 Ba4 24. Nxa4 Rxa4 25. Ra1 Rxa1 26. Rxa1 Rf7
27. Ra7 Qf6 28. Na5 Bg5 29. Ka2 Nh6 30. Nc4 Re7 31. Qa5 Nh1 32. Bg1 Nf7 33.
c6 Bh4 34. Rxc7 Qg5 35. Rxe7 Qxg2+ 36. Qd2 1-0

[Event "6th EICC"]
[Site "Warsaw POL"]
[Date "2005.06.20"]
[Round "3"]
[White "Esen,B"]
[Black "Grabarczyk,M"]
[Result "0-1"]
[WhiteElo "2287"]
[BlackElo "2487"]
[EventDate "2005.06.18"]

1. d4 d5 2. c4 c6 3. Nf3 Nf6 4. Nc3 a6 5. c5 Nbd7 6. Bf4 Nh5 7. Bd2 Nhf6 8.
Qc2 Qc7 9. e4 Nxe4 10. Nxe4 dxe4 11. Qxe4 Nf6 12. Qe5 Nd5 13. Bc4 Qxe5+ 14.
dxe5 Be6 15. Nd4 Nc7 16. Nxe6 Nxe6 17. Be3 Nc7 18. O-O-O e6 19. Rd3 Nd5 20.
Bxd5 cxd5 21. Kd2 Be7 22. Rb3 O-O-O 23. Bd4 Rd7 24. f4 Rc7 25. Rc1 g5 26.
g3 Rg8 27. Rf3 Kd7 28. b4 gxf4 29. gxf4 Rg2+ 30. Rf2 Rxf2+ 31. Bxf2 b6 32.
Rc3 bxc5 33. bxc5 Kc6 34. Ra3 Ra7 35. Kc2 a5 36. Rh3 h5 37. f5 a4 38. Rxh5
Bxc5 39. Bxc5 Kxc5 40. fxe6 fxe6 41. Rh6 Ra6 42. Kc3 Rc6 43. Rh4 Kb5+ 44.
Kb2 a3+ 45. Kb3 Rc1 46. Rh6 d4 47. Rh3 Re1 48. Rh8 Rxe5 49. Kxa3 Kc4 50.
Rc8+ Kd3 51. Kb2 Rb5+ 52. Kc1 e5 53. Rc2 e4 54. a4 Rf5 55. Rd2+ Ke3 56. h4
Rf1+ 0-1

[Event "6th EICC"]
[Site "Warsaw POL"]
[Date "2005.06.20"]
[Round "3"]
[White "Czarnota,P"]
[Black "Stoma,P"]
[Result "0-1"]
[WhiteElo "2478"]
[BlackElo "2295"]
[EventDate "2005.06.18"]

1. e4 c5 2. Nf3 e6 3. d4 cxd4 4. Nxd4 a6 5. Nc3 Qc7 6. Be2 Nf6 7. O-O Nc6
8. Be3 Be7 9. f4 d6 10. a4 O-O 11. Kh1 Bd7 12. Nb3 Na5 13. e5 Ne8 14. Nxa5
Qxa5 15. Ne4 Qc7 16. Bd4 Bc6 17. Bd3 dxe5 18. fxe5 Rd8 19. Nf6+ Bxf6 20.
exf6 Rxd4 21. Bxh7+ Kxh7 22. Qxd4 Rh8 23. fxg7 Nxg7 24. b4 Nf5 25. Qg4 Rg8
26. Qh3+ Kg7 27. Rf2 Qe5 28. Rd1 Kf8 29. Qa3 b5 30. axb5 axb5 31. Qa1 Qc7
32. Qf6 Ke8 33. Rdd2 Rg6 34. Rxf5 Rxf6 35. Rxf6 Qe7 36. Rdf2 Qxb4 37. Rxf7
Qb1+ 38. Rf1 Qxc2 39. R7f2 Qe4 0-1